000
00332 a2200109 4500
001
ART_10005
005
20260410161839.0
008
260409a
245
1
0
_a
El riesgo en la empresa agropecuaria
100
1
_a
Gallacher, Marcos
773
0
_t
Contabilidad y administración
_g
- Año 7, Nº 78 (dic. 1983)
_w
REV5485
999
_c
23952
_d
23952